000
00251nam a22001097a 4500
082
_a
659.2 ABD'E
100
_a
ABDUL, HAKIM MAJOR
_9
77668
245
_a
ESSENETIAL OF PUBLIC RELATIONS
260
_a
KARACHI
_b
TIMES
_c
1975
300
_a
300P
942
_c
BK
999
_c
582913
_d
582913